| 000 -LEADER |
| fixed length control field |
00595nam a2200181 a 4500 |
| 001 - CONTROL NUMBER |
| control field |
:::00018861$&:&@@ |
| 003 - CONTROL NUMBER IDENTIFIER |
| control field |
OkBaRHE |
| 005 - DATE AND TIME OF LATEST TRANSACTION |
| control field |
20010111154316.0 |
| 008 - FIXED-LENGTH DATA ELEMENTS--GENERAL INFORMATION |
| fixed length control field |
s1955 j 000 0 eng u |
| 040 ## - CATALOGING SOURCE |
| Transcribing agency |
|
| 100 1# - MAIN ENTRY--PERSONAL NAME |
| Personal name |
Graham, Billy |
| 245 14 - TITLE STATEMENT |
| Title |
The secret of happiness. |
| 260 ## - PUBLICATION, DISTRIBUTION, ETC. (IMPRINT) |
| Place of publication, distribution, etc |
Garden City, New York |
| Name of publisher, distributor, etc |
Doubleday & Company, Inc. |
| Date of publication, distribution, etc |
1955 |
| 300 ## - PHYSICAL DESCRIPTION |
| Extent |
117 p. |
| 942 ## - ADDED ENTRY ELEMENTS (KOHA) |
| Source of classification or shelving scheme |
|
| Koha item type |
Books |